<?xml version="1.0" encoding="UTF-8"?>
<record
    xmlns:xsi="http://www.w3.org/2001/XMLSchema-instance"
    xsi:schemaLocation="http://www.loc.gov/MARC21/slim http://www.loc.gov/standards/marcxml/schema/MARC21slim.xsd"
    xmlns="http://www.loc.gov/MARC21/slim">

  <leader>00386nam a2200133Ia 4500</leader>
  <controlfield tag="008">210430s9999    xx            000 0 und d</controlfield>
  <datafield tag="020" ind1=" " ind2=" ">
    <subfield code="a"> 978-1259098437</subfield>
  </datafield>
  <datafield tag="082" ind1=" " ind2=" ">
    <subfield code="a">660.2815 H4429O</subfield>
  </datafield>
  <datafield tag="100" ind1=" " ind2=" ">
    <subfield code="a">Donald R. Coughanowr, Steven E. Leblanc</subfield>
    <subfield code="9">52092</subfield>
  </datafield>
  <datafield tag="245" ind1=" " ind2=" ">
    <subfield code="a">Process Systems Analysis and Control /</subfield>
    <subfield code="c">Donald R. Coughanowr</subfield>
  </datafield>
  <datafield tag="250" ind1=" " ind2=" ">
    <subfield code="a">3rd Edition</subfield>
  </datafield>
  <datafield tag="300" ind1=" " ind2=" ">
    <subfield code="a">602</subfield>
  </datafield>
  <datafield tag="942" ind1=" " ind2=" ">
    <subfield code="c">BK</subfield>
    <subfield code="2">ddc</subfield>
  </datafield>
  <datafield tag="999" ind1=" " ind2=" ">
    <subfield code="c">565140</subfield>
    <subfield code="d">565140</subfield>
  </datafield>
  <datafield tag="952" ind1=" " ind2=" ">
    <subfield code="0">0</subfield>
    <subfield code="1">0</subfield>
    <subfield code="2">ddc</subfield>
    <subfield code="4">0</subfield>
    <subfield code="7">0</subfield>
    <subfield code="a">SCME</subfield>
    <subfield code="b">SCME</subfield>
    <subfield code="c">GEN</subfield>
    <subfield code="d">0000-00-00</subfield>
    <subfield code="l">1</subfield>
    <subfield code="o">660.2815 H4429O</subfield>
    <subfield code="p">SCME-4428</subfield>
    <subfield code="r">2025-07-02</subfield>
    <subfield code="s">2025-01-13</subfield>
    <subfield code="w">2021-04-30</subfield>
    <subfield code="y">BK</subfield>
  </datafield>
</record>
